[Event "GER-ch Net Amateur Gr-B Vor1"]
[Site "Playchess.com INT"]
[Date "2020.04.14"]
[Round "3"]
[White "Noack, Mario"]
[Black "Lippmann, Kai"]
[Result "1-0"]
[WhiteElo "1627"]
[BlackElo "1710"]
[PlyCount "71"]
[EventDate "2020.04.14"]
[EventType "swiss (blitz)"]
[EventRounds "9"]
[EventCountry "GER"]
[SourceTitle "EXT 2021"]
[Source "ChessBase"]
[SourceDate "2020.10.23"]
[SourceVersion "1"]
[SourceVersionDate "2020.10.23"]
[SourceQuality "1"]

1. c4 c6 2. d4 d5 3. Nc3 e6 4. cxd5 exd5 5. Bf4 Bd6 6. Bg3 Nf6 7. e3 0-0 8. Bd3 Bg4 9. Qc2 Bb4 10. a3 Ba5 11. b4 Bc7 12. Nf3 Nbd7 13. 0-0 Bxf3 14. gxf3 Rc8 15. Rac1 Re8 16. Kg2 h6 17. Bf5 a6 18. a4 Bxg3 19. hxg3 Rb8 20. b5 axb5 21. axb5 Nb6 22. bxc6 bxc6 23. Na4 Nc4 24. Bd3 Rb4 25. Bxc4 Rxc4 26. Qb3 Rxc1 27. Rxc1 Qa8 28. Nc5 Rb8 29. Qc2 Qa7 30. Nd3 Qa3 31. Ne5 Rb2 32. Qxc6 Qxe3 33. Qc8+ Kh7 34. Rf1 g6 35. Nxf7 Qe7 36. Qh8# 1-0

[Event "GER-ch Net Amateur Gr-B Vor1"]
[Site "Playchess.com INT"]
[Date "2020.04.14"]
[Round "6"]
[White "Viol, Julius"]
[Black "Noack, Mario"]
[Result "0-1"]
[WhiteElo "1684"]
[BlackElo "1619"]
[PlyCount "68"]
[EventDate "2020.04.14"]
[EventType "swiss (blitz)"]
[EventRounds "9"]
[EventCountry "GER"]
[SourceTitle "EXT 2021"]
[Source "ChessBase"]
[SourceDate "2020.10.23"]
[SourceVersion "1"]
[SourceVersionDate "2020.10.23"]
[SourceQuality "1"]

1. d4 Nf6 2. c4 g6 3. g3 d5 4. cxd5 Nxd5 5. e4 Nf6 6. Bg2 c6 7. Nc3 Bg7 8. e5 Nd5 9. Nxd5 cxd5 10. Ne2 0-0 11. 0-0 Bg4 12. f3 Bd7 13. Nc3 e6 14. f4 Qb6 15. h4 Nc6 16. h5 Qxd4+ 17. Qxd4 Nxd4 18. Be3 Nc2 19. Bc5 Rfc8 20. Rac1 Rxc5 21. Rxc2 Rac8 22. Bf3 a6 23. Rh2 b5 24. hxg6 fxg6 25. Kf2 b4 26. Ne2 Rc2 27. Rfh1 h5 28. g4 hxg4 29. Bxg4 Rxb2 30. Ke3 Rcc2 31. Rh7 Rxa2 32. Nd4 Ra3+ 33. Nb3 Rxb3+ 34. Kd4 Rc4# 0-1

[Event "GER-ch Net blitz qual4"]
[Site "Playchess.com INT"]
[Date "2020.03.23"]
[Round "1"]
[White "Dahl, Christoph"]
[Black "Noack, Mario"]
[Result "1-0"]
[WhiteElo "2228"]
[BlackElo "2111"]
[PlyCount "135"]
[EventDate "2020.03.23"]
[EventType "swiss (blitz)"]
[EventRounds "9"]
[EventCountry "GER"]
[SourceTitle "CBM 195 Extra"]
[Source "ChessBase"]
[SourceDate "2020.05.31"]
[SourceVersion "1"]
[SourceVersionDate "2020.05.31"]
[SourceQuality "1"]

1. e4 c6 2. d4 d5 3. Nc3 dxe4 4. Nxe4 Bf5 5. Ng3 Bg6 6. h4 h6 7. Nf3 Nd7 8. h5 Bh7 9. Bd3 Bxd3 10. Qxd3 e6 11. Bf4 Ngf6 12. 0-0-0 Be7 13. Kb1 Qb6 14. Ne4 Nd5 15. Bd2 Nb4 16. Qb3 a5 17. Bf4 a4 18. Qc4 Nd5 19. Bd6 0-0 20. Bxe7 Nxe7 21. g4 Nd5 22. g5 f5 23. gxf6 N7xf6 24. Nc5 a3 25. b3 Ng4 26. Nd7 Qa5 27. Nxf8 Rxf8 28. Ne5 Nxf2 29. Rdf1 Nxh1 30. Rxh1 Rf2 31. Qd3 Nc3+ 32. Ka1 Nd5 33. Kb1 Nf4 34. Qe3 Qd2 35. Qxd2 Rxd2 36. Nf3 Rf2 37. Ne5 Nd5 38. Nc4 Nc3+ 39. Kc1 Nb5 40. Re1 Nxd4 41. Nxa3 Kf7 42. Re4 c5 43. b4 b6 44. bxc5 bxc5 45. Re5 c4 46. Re4 Ne2+ 47. Kb2 Nf4 48. Nxc4 Nxh5 49. Ne5+ Kf6 50. Ng4+ Kf5 51. Nxf2 Ng3 52. Re3 Kf4 53. Rxe6 h5 54. Rg6 h4 55. Rxg7 Kf3 56. Nh3 Kg2 57. Ng5 h3 58. Ne4 h2 59. Nxg3 Kh3 60. a4 h1Q 61. Nxh1 Kh4 62. Ng3 Kh3 63. Nf5 Kh2 64. a5 Kh3 65. a6 Kh2 66. a7 Kh3 67. a8Q Kh2 68. Qg2# 1-0